|
|
|
|
| LEADER |
01072nam a22002537a 4500 |
| 001 |
35940 |
| 003 |
BD-DhAAL |
| 005 |
20250622151322.0 |
| 008 |
211028t2001 bg a|||| |||| 00| 0 ben d |
| 020 |
|
|
|a 9844016428
|
| 040 |
|
|
|a BD-DhAAL
|d BD-DhAAL
|
| 041 |
|
|
|a ben
|
| 082 |
|
|
|a 491.44
|2 22
|
| 100 |
|
|
|a আলহেলাল, বশীর.
|9 42286
|
| 245 |
|
|
|a বাংলা ভাষার নানান বিবেচনা /
|c বশীর আলহেলাল.
|
| 260 |
|
|
|a ঢাকা :
|b আগামী প্রকাশনী,
|c ২০০১.
|
| 300 |
|
|
|a ২২৩ পৃষ্ঠা :
|b চিত্র ;
|c ২১ সে.মি
|
| 526 |
|
|
|a BIED
|
| 541 |
|
|
|a Complimentary copy from BIED
|e 35940
|
| 650 |
|
|
|a Bengali language.
|9 42290
|
| 852 |
|
|
|a Ayesha Abed Library
|c BIED Collection
|
| 942 |
|
|
|2 ddc
|c BK
|
| 999 |
|
|
|c 43295
|d 43295
|
| 952 |
|
|
|0 0
|1 0
|2 ddc
|4 0
|6 491_440000000000000_ALH
|7 0
|9 69446
|a BRACUL
|b BRACUL
|c GEN
|d 2021-10-28
|e Complimentary copy from BIED
|l 0
|o 491.44 ALH
|p 3010035940
|r 2021-10-28
|t 1
|v 28.10
|w 2021-10-28
|y BK
|x Transferred from BIED to General Stacks
|